| 000 | 00000nam 2200000za 4500 |
| 001 | 9.700353 |
| 003 | CaOODSP |
| 005 | 20210625000810 |
| 007 | cr ||||||||||| |
| 008 | 150407s2015 onc|||||o f|0| 0 eng d |
| 020 | |a978-1-100-25717-4 |
| 040 | |aCaOODSP|beng |
| 043 | |an-cn--- |
| 086 | 1 |aFA3-94/1-2015E-PDF |
| 245 | 00|aReport of the Auditor General of Canada to the Yukon Legislative Assembly - 2015 |h[electronic resource] : |bcorrections in Yukon - Department of Justice |
| 260 | |aOttawa : |bOffice of the Auditor General of Canada, |c2015. |
| 300 | |a32 p. : |btables. |
| 590 | |a15-11|b2015-03-13 |
| 690 | 07|aCorrectional institutions|2gcpds |
| 710 | 1 |aCanada. |bOffice of the Auditor General. |
| 775 | 08|tRapport du vérificateur général du Canada à l'Assemblée législative du Yukon - 2015 |w(CaOODSP)9.644251 |
| 776 | 0#|tReport of the Auditor General of Canada to the Yukon Legislative Assembly - 2015 : |w(CaOODSP)9.630292 |
| 856 | 40|ahttp://publications.gc.ca|qPDF|s805 KB|uhttps://publications.gc.ca/collections/collection_2015/bvg-oag/FA3-94-1-2015-eng.pdf |